Arend en sy bokkie / (Record no. 160814)

MARC details
000 -LEADER
fixed length control field 00571nam a2200193 b 4500
003 - CONTROL NUMBER IDENTIFIER
control field 3228
005 - DATE AND TIME OF LATEST TRANSACTION
control field 20260305103240.0
008 - FIXED-LENGTH DATA ELEMENTS--GENERAL INFORMATION
fixed length control field 210817s9999 xx e 000 1 AFR d
020 ## - INTERNATIONAL STANDARD BOOK NUMBER
International Standard Book Number 9780799327861 (hardback)
040 ## - CATALOGING SOURCE
Original cataloging agency MPL
Language of cataloging eng
Transcribing agency 3228
Description conventions Resource Description and Access
041 ## - LANGUAGE CODE
Language code of text/sound track or separate title Afrikaans
082 ## - DEWEY DECIMAL CLASSIFICATION NUMBER
Classification number AF STEY
100 ## - MAIN ENTRY--PERSONAL NAME
Personal name Steyn, Ilse
9 (RLIN) 109660
Relator term author
245 #0 - TITLE STATEMENT
Title Arend en sy bokkie /
Statement of responsibility, etc. Author: Ilse steyn ; + Cover illustration: Bea Jonker
250 ## - EDITION STATEMENT
Edition statement Second edition
260 ## - PUBLICATION, DISTRIBUTION, ETC.
Place of publication, distribution, etc. Pretoria
Name of publisher, distributor, etc. LAPA Uitgewers
Date of publication, distribution, etc. © 2000
-- © 1988
300 ## - PHYSICAL DESCRIPTION
Extent 152 pages :
Dimensions 21 cm
942 ## - ADDED ENTRY ELEMENTS
item type Books
Source of classification or shelving scheme Dewey Decimal Classification
-- 245
-- Izakina Blanche
Holdings
Withdrawn status Lost status Source of classification or shelving scheme Damaged status Not for loan Collection code Home library Current library Shelving location Date acquired Full call number Barcode Date last seen Price effective from item type Public note Cost, normal purchase price Total Checkouts
    Dewey Decimal Classification     Fiction Middelburg Regional Library Jeremiah Madonsela Public Library Fiction 18.08.2021 AF STEY 33228013339500 21.08.2023 18.08.2021 Books 0940051639    
    Dewey Decimal Classification     Fiction Volksrust Volksrust Fiction 23.03.2026 AF STEY 33228012503155 23.03.2026 23.03.2026 Books   38.12